Matla : kuchařka plná příběhů /
Rozhovory a kuchařské recepty s vítězem televizního soutěžního pořadu amatérských kuchařů.
Uloženo v:
| Hlavní autor: | |
|---|---|
| Médium: | E-kniha |
| Jazyk: | Czech |
| Vydáno: |
V Brně :
BizBooks,
2021
|
| Vydání: | 1. vydání |
| Témata: | |
| Tagy: |
Žádné tagy |
| LEADER | 02239nam a2200589 i 4500 | ||
|---|---|---|---|
| 001 | 311337 | ||
| 003 | CZ PrSKC | ||
| 005 | 20260601215703.0 | ||
| 007 | ta | ||
| 008 | 210430s2021 xr ac e f 000 0acze | ||
| 015 | |a cnb003321943 | ||
| 020 | |a 9788026509844 |q (vázáno) : |c Kč 399,00 | ||
| 035 | |a (OCoLC)1260124011 | ||
| 040 | |a BOA001 |b cze |e rda | ||
| 043 | |a e-xr--- | ||
| 045 | |a x8y2 | ||
| 072 | 7 | |a 641 |x Kuchařství. Potraviny. Vařená jídla |2 Konspekt | |
| 072 | 7 | |a 929 |x Biografie |2 Konspekt | |
| 080 | |a 641/642-051 |2 MRF | ||
| 080 | |a 641.55 |2 MRF | ||
| 080 | |a 929 |2 MRF | ||
| 080 | |a (437.3) |2 MRF | ||
| 080 | |a (083.12) |2 MRF | ||
| 080 | |a (0:82-94) |2 MRF | ||
| 080 | |a (047.53) |2 MRF | ||
| 100 | 1 | |a Staša, Roman, |d 1988- |7 mzk20211115254 |4 aut | |
| 245 | 1 | 0 | |a Matla : |b kuchařka plná příběhů / |c Roman Staša |
| 250 | |a 1. vydání | ||
| 264 | 1 | |a V Brně : |b BizBooks, |c 2021 | |
| 300 | |a 277 stran : |b barevné ilustrace, portréty ; |c 24 cm | ||
| 336 | |a text |b txt |2 rdacontent | ||
| 337 | |a bez média |b n |2 rdamedia | ||
| 338 | |a svazek |b nc |2 rdacarrier | ||
| 520 | 2 | |a Rozhovory a kuchařské recepty s vítězem televizního soutěžního pořadu amatérských kuchařů. | |
| 600 | 1 | 7 | |a Staša, Roman, |d 1988- |7 mzk20211115254 |2 czenas |
| 648 | 7 | |a 20.-21. století |7 ch462155 |2 czenas | |
| 650 | 0 | 7 | |a kuchaři |7 ph305445 |z Česko |y 20.-21. století |2 czenas |
| 650 | 0 | 7 | |a jídla |7 ph114847 |2 czenas |
| 650 | 0 | 9 | |a cooks |z Czechia |y 20th-21st centuries |2 eczenas |
| 650 | 0 | 9 | |a meals |2 eczenas |
| 655 | 7 | |a kuchařské recepty |7 fd132687 |2 czenas | |
| 655 | 7 | |a vzpomínky |7 fd133830 |2 czenas | |
| 655 | 7 | |a rozhovory |7 fd133303 |2 czenas | |
| 655 | 9 | |a cookbooks |2 eczenas | |
| 655 | 9 | |a reminiscences |2 eczenas | |
| 655 | 9 | |a interviews |2 eczenas | |
| 900 | |a ABA001 |b 19 | ||
| 928 | 9 | |a Albatros Media - BizBooks | |
| 044 | |a xr | ||
| 910 | |a RBIT002 | ||
| 998 | |d 318909 |a https://core.palmknihy.cz/api/books/318909/cover?si71bb |b https://core.palmknihy.cz/api/books/318909/cover/400?si71bb |c https://core.palmknihy.cz/api/books/318909/cover/50?si71bb |e 2031-12-31 |g 280 |i 9788026509844 |k https://core.palmknihy.cz/api/books/318909/preview.pdf |l |q 49 |r 1 |s https://www.palmknihy.cz/kniha/318909 |t ebook |y 2021 |z 0 | ||
| 999 | |d 311335 | ||